000 00375nam a2200145 a 4500
005 20140412111239.0
008 001116s19uu xx 00 eng d
050 _aER
_bGo57
245 _aGoldilocks and the three bears.
300 _a1 v. (unp.) ; col. ; ill.
440 _aThe World of Fairy Tales
650 _aFolklore
650 _aBears -- Stories
999 _c102636
_d102636